Host cities of the 2019 Rugby World Cup on a map. - Statistics

General Stats
  • This quiz has been taken 37 times
  • The average score is 6 of 12
Answers on the Map
Answers color-coded by a green-red scale on the quiz's map according to % correct below.
 
Answer Stats
Cities % Correct
Tokyo
94%
Higashiosaka
90%
Yokohama
84%
Kobe
81%
Sapporo
77%
Fukuoka
65%
Kumamoto
32%
Oita
32%
Kumagaya
29%
Fukuroi
26%
Kamaishi
26%
Toyota
13%
No matching quizzes found
Score Distribution
Percent of People with Each Score
Percentile by Number Answered
Your Score History
You have not taken this quiz